[Event "16th EUR-ch"]
[Site "Jerusalem ISR"]
[Date "2015.03.02"]
[Round "6"]
[White "Mikaelyan, Arman"]
[Black "Michalik, Peter"]
[Result "1-0"]
[WhiteElo "2418"]
[BlackElo "2576"]
[EventDate "2015.02.24"]
[PlyCount "113"]

1.d4 e6 2.c4 Bb4+ 3.Bd2 Bxd2+ 4.Qxd2 f5 5.Nc3 Nf6 6.g3 O-O 7.Bg2 d6 8.Nf3 
Qe7 9.O-O c6 10.b4 e5 11.d5 e4 12.Nd4 c5 13.bxc5 dxc5 14.Ndb5 Na6 15.f3 e3
16.Qc1 f4 17.gxf4 Nh5 18.Ne4 Nxf4 19.Qxe3 Qe5 20.Rae1 Bd7 21.Nbd6 b6 22.
Kh1 Nb4 23.Qd2 Qd4 24.Rd1 Ba4 25.e3 Qxd2 26.Rxd2 Nxg2 27.Kxg2 Rad8 28.Kf2 
Rd7 29.a3 Na6 30.Nb5 Rfd8 31.Rg1 Kh8 32.Nec3 Bxb5 33.cxb5 Nc7 34.e4 Ne6 
35.Ne2 Nc7 36.Rb1 Ne8 37.Nf4 Nd6 38.Ne6 Re8 39.Rc2 Kg8 40.a4 Kf7 41.Ke3 
Ra8 42.Kf4 Nc8 43.Rg2 g6 44.a5 Ne7 45.Ra2 Re8 46.axb6 axb6 47.Ra6 Nc8 48.
Ra8 h6 49.Rba1 g5+ 50.Ke3 Nd6 51.Rxe8 Kxe8 52.Ra8+ Ke7 53.Rh8 Ra7 54.Rxh6 
Ra3+ 55.Kf2 g4 56.Ng5 gxf3 57.e5 1-0

[Event "16th EUR-ch"]
[Site "Jerusalem ISR"]
[Date "2015.03.02"]
[Round "6"]
[White "Esen, Baris"]
[Black "Bakalchuk, Johnatan"]
[Result "1-0"]
[WhiteElo "2571"]
[BlackElo "2272"]
[EventDate "2015.02.24"]
[PlyCount "71"]

1.d4 Nf6 2.c4 c5 3.d5 b5 4.Nd2 d6 5.e4 bxc4 6.Bxc4 g6 7.b3 Bg7 8.Bb2 O-O 
9.Ngf3 e6 10.dxe6 fxe6 11.e5 Ng4 12.h3 Nh6 13.Qc2 d5 14.Bd3 Nd7 15.Bb5 Qb6
16.Bxd7 Bxd7 17.O-O Nf7 18.Rfe1 Rfc8 19.Nh2 Rab8 20.Rab1 Qa6 21.Ng4 Bb5 
22.Ra1 c4 23.Bd4 c3 24.Nf3 Bd3 25.Qc1 Be4 26.Ng5 Nxg5 27.Qxg5 Rb4 28.Bxc3 
Rxc3 29.Qd8+ Kf7 30.Qd7+ Kf8 31.Rac1 Bc2 32.Re3 d4 33.Rxc3 dxc3 34.Rxc2 
Rb7 35.Qd8+ Kf7 36.Rxc3 1-0

[Event "16th EUR-ch"]
[Site "Jerusalem ISR"]
[Date "2015.03.02"]
[Round "6"]
[White "Soltanici, Ruslan"]
[Black "Hansen, Sune Berg"]
[Result "1/2-1/2"]
[WhiteElo "2350"]
[BlackElo "2571"]
[EventDate "2015.02.24"]
[PlyCount "66"]

1.e4 e5 2.Nf3 Nc6 3.Bb5 a6 4.Ba4 Nf6 5.O-O Be7 6.Re1 b5 7.Bb3 O-O 8.h3 Bb7
9.d3 d5 10.exd5 Nxd5 11.Nxe5 Nxe5 12.Rxe5 Qd6 13.Re1 Rae8 14.Nd2 c5 15.c3 
Qc6 16.Nf3 Bd6 17.Bd2 Nf4 18.Bxf4 Bxf4 19.Rxe8 Rxe8 20.Qf1 Qd7 21.Re1 Bxf3
22.gxf3 Rf8 23.Re4 Bc7 24.Kg2 Qd6 25.f4 Qg6+ 26.Kh1 Qh6 27.Qg2 Bxf4 28.Qf3
Bd6 29.Re8 Qc1+ 30.Kg2 Qg5+ 31.Kf1 Qg6 32.Rxf8+ Bxf8 33.Bd5 Be7 1/2-1/2

[Event "16th EUR-ch"]
[Site "Jerusalem ISR"]
[Date "2015.03.02"]
[Round "6"]
[White "Gorodetzky, David"]
[Black "Yilmaz, Mustafa"]
[Result "0-1"]
[WhiteElo "2210"]
[BlackElo "2570"]
[EventDate "2015.02.24"]
[PlyCount "90"]

1.e4 e5 2.Nf3 Nc6 3.Bc4 Bc5 4.c3 Nf6 5.d3 O-O 6.h3 d5 7.exd5 Nxd5 8.O-O a6
9.Re1 b5 10.Bb3 Bb7 11.Nbd2 Ba7 12.Nf1 Qd6 13.Ng3 Nde7 14.Ne4 Qd7 15.a4 
Nf5 16.Qc2 Kh8 17.Qe2 f6 18.Nh2 Rad8 19.axb5 axb5 20.Nf1 Bb6 21.Bc2 Nce7 
22.Ne3 Nd6 23.Nxd6 cxd6 24.d4 e4 25.Nf1 f5 26.Bg5 Rde8 27.Ra3 Nd5 28.Qh5 
Nc7 29.Ng3 Ne6 30.Bd2 Bc7 31.Ra7 Bb8 32.Raa1 d5 33.Nf1 f4 34.Bd1 g6 35.Qh4
Qg7 36.Nh2 Bc7 37.Ng4 h5 38.Ne5 Rf5 39.Bg4 Rxe5 40.dxe5 Bd8 41.Qxd8 Nxd8 
42.Be2 Qxe5 43.Bxb5 Rf8 44.Ra7 d4 45.Bf1 e3 0-1

[Event "16th EUR-ch"]
[Site "Jerusalem ISR"]
[Date "2015.03.02"]
[Round "6"]
[White "Swiercz, Dariusz"]
[Black "Zisman, Philip"]
[Result "1-0"]
[WhiteElo "2617"]
[BlackElo "2238"]
[EventDate "2015.02.24"]
[PlyCount "139"]

1.d4 d5 2.Nf3 Nf6 3.c4 c6 4.e3 Bf5 5.Nc3 e6 6.Nh4 Be4 7.f3 Bg6 8.Qb3 Qc7 
9.Bd2 Bd6 10.g3 Nbd7 11.Rc1 a6 12.cxd5 exd5 13.Bg2 Qb6 14.Nxg6 Qxb3 15.
axb3 hxg6 16.Ne2 Nb6 17.e4 dxe4 18.fxe4 Be7 19.Nf4 g5 20.Ne2 Nfd7 21.O-O 
O-O 22.Ba5 Nc8 23.e5 g6 24.Bh3 f5 25.g4 f4 26.Bg2 Na7 27.Rcd1 Nb5 28.Be4 
Kg7 29.h4 Rh8 30.hxg5 Rh4 31.Rxf4 Bxg5 32.Be1 Rh7 33.Rf1 Rah8 34.Bg3 Nc7 
35.Kg2 Rd8 36.Nc3 Nb6 37.Rd3 Ne6 38.Ne2 Nd5 39.Bxd5 Rxd5 40.Rfd1 Rh8 41.
Nc3 Rd7 42.Ne4 Rf8 43.d5 cxd5 44.Nxg5 Nxg5 45.Rxd5 Rxd5 46.Rxd5 Ne6 47.Rd6
Re8 48.Bh4 g5 49.Bf2 Kf7 50.Kf3 Ke7 51.Rb6 Rf8+ 52.Kg3 Kd7 53.Rxb7+ Kc6 
54.Rb6+ Kd5 55.Rxa6 Kxe5 56.Be1 Nf4 57.Ra5+ Ke4 58.Rxg5 Ne2+ 59.Kg2 Nf4+ 
60.Kg3 Ne2+ 61.Kh2 Rh8+ 62.Rh5 Rg8 63.g5 Nd4 64.Bh4 Kf3 65.Bg3 Ne6 66.b4 
Nxg5 67.b5 Ne4 68.Rf5+ Ke3 69.Bf4+ Kd3 70.b6 1-0

[Event "16th EUR-ch"]
[Site "Jerusalem ISR"]
[Date "2015.03.02"]
[Round "6"]
[White "Deac, Bogdan-Daniel"]
[Black "Melkumyan, Hrant"]
[Result "1/2-1/2"]
[WhiteElo "2402"]
[BlackElo "2673"]
[EventDate "2015.02.24"]
[PlyCount "147"]

1.Nf3 d5 2.c4 d4 3.g3 Nc6 4.Bg2 e5 5.d3 Nf6 6.O-O Bd6 7.e3 O-O 8.exd4 exd4
9.Bg5 h6 10.Bxf6 Qxf6 11.Nbd2 Bf5 12.Qb3 Nb4 13.Ne1 a5 14.Ne4 Bxe4 15.Bxe4
a4 16.Qd1 a3 17.bxa3 Rxa3 18.Nc2 Nxc2 19.Qxc2 b6 20.f4 Re8 21.Rae1 Re7 22.
Qg2 Ra5 23.Re2 Re6 24.h4 h5 25.Qf3 Re7 26.f5 Qh6 27.Kg2 Rae5 28.Ref2 Re8 
29.g4 hxg4 30.Qxg4 Qf6 31.Kh3 Kf8 32.Qg5 Be7 33.Qh5 Bd8 34.Rg1 Rxe4 35.
dxe4 Rxe4 36.Rg4 Re3+ 37.Rg3 Qe5 38.Qh8+ Ke7 39.Rff3 Kd7 40.Qh5 Qe8 41.
Rxe3 dxe3 42.Qf3 Qe7 43.Qg4 Ke8 44.f6 Qxf6 45.Rxe3+ Kf8 46.Qe4 g6 47.Qe8+ 
Kg7 48.Qe5 Kf8 49.Qxf6 Bxf6 50.a4 Be7 51.Re5 Bd6 52.Rd5 Ke7 53.h5 gxh5 54.
Kh4 Ke6 55.Kxh5 Be5 56.Kg4 Bd6 57.Kf3 Be5 58.Rb5 f5 59.Ke2 Bd4 60.Rd5 Be5 
61.Ke3 Bd6 62.Kf3 Be5 63.Rb5 Bd6 64.c5 Bxc5 65.a5 Kd7 66.axb6 cxb6 67.Kf4 
Ke6 68.Rb1 Bd6+ 69.Kg5 Bc7 70.Rb5 Bd8+ 71.Kf4 Bc7+ 72.Kg5 f4 73.Rxb6+ Bxb6
74.Kxf4 1/2-1/2

[Event "16th EUR-ch"]
[Site "Jerusalem ISR"]
[Date "2015.03.02"]
[Round "6"]
[White "Bok, Benjamin"]
[Black "Gruenfeld, Yehuda"]
[Result "1-0"]
[WhiteElo "2587"]
[BlackElo "2444"]
[EventDate "2015.02.24"]
[PlyCount "81"]

1.e4 c5 2.Nf3 d6 3.d4 cxd4 4.Nxd4 Nf6 5.Nc3 a6 6.Bg5 Nc6 7.Qd2 e6 8.O-O-O 
Be7 9.f4 Nxd4 10.Qxd4 Qa5 11.Bc4 e5 12.Qd3 Bg4 13.Rd2 exf4 14.Bxf4 Rc8 15.
h3 Bd7 16.Re1 O-O 17.Bb3 Rfd8 18.g4 Be6 19.Kb1 Nd7 20.Red1 Ne5 21.Qg3 Qc7 
22.Nd5 Bxd5 23.Rxd5 Nc4 24.R5d4 Ne5 25.Qf2 Kh8 26.a3 f6 27.Be6 Rb8 28.Bxe5
fxe5 29.Rc4 Qa5 30.Qf7 Bf6 31.Bf5 Rf8 32.Qh5 h6 33.h4 b5 34.Rb4 Qc7 35.Qg6
Kg8 36.Be6+ Kh8 37.Bf5 Kg8 38.g5 Bd8 39.Qh7+ Kf7 40.Qg6+ Kg8 41.Rxd6 1-0

[Event "16th EUR-ch"]
[Site "Jerusalem ISR"]
[Date "2015.03.02"]
[Round "6"]
[White "Timofeev, Artyom"]
[Black "Draskovic, Luka"]
[Result "1/2-1/2"]
[WhiteElo "2564"]
[BlackElo "2432"]
[EventDate "2015.02.24"]
[PlyCount "92"]

1.e4 d6 2.d4 Nf6 3.Nc3 e5 4.Nf3 Nbd7 5.Bc4 Be7 6.O-O O-O 7.Re1 Nb6 8.Bf1 
exd4 9.Qxd4 Bg4 10.Bg5 Bxf3 11.gxf3 Nh5 12.Be3 Bg5 13.e5 Bxe3 14.Rxe3 dxe5
15.Qxe5 g6 16.Rd1 Qc8 17.a4 a5 18.Rde1 c6 19.b3 Rd8 20.Re4 Nd5 21.Bc4 Nhf6
22.Nxd5 Nxd5 23.Kg2 Rd7 24.h4 Qf8 25.f4 Rad8 26.f5 Rd6 27.h5 Qg7 28.Qxd6 
Rxd6 29.Re8+ Qf8 30.Kf3 Rf6 31.Rxf8+ Kxf8 32.Re5 Rxf5+ 33.Rxf5 gxf5 34.
Bxd5 cxd5 35.Kf4 f6 36.Kxf5 Ke7 37.c3 Kf7 38.c4 dxc4 39.bxc4 b6 40.Ke4 Ke6
41.h6 Kd6 42.Kf5 Ke7 43.Kf4 Kf7 44.Kf5 Ke7 45.Kf4 Kf7 46.Kf5 Ke7 1/2-1/2

[Event "16th EUR-ch"]
[Site "Jerusalem ISR"]
[Date "2015.03.02"]
[Round "6"]
[White "Ferreira, Jorge Viterbo"]
[Black "Indjic, Aleksandar"]
[Result "1-0"]
[WhiteElo "2427"]
[BlackElo "2546"]
[EventDate "2015.02.24"]
[PlyCount "95"]

1.Nf3 g6 2.e4 Bg7 3.d4 d6 4.c3 b6 5.Bd3 Bb7 6.O-O e6 7.Re1 Ne7 8.Nbd2 Nd7 
9.Nf1 h6 10.Ng3 a6 11.a4 O-O 12.b4 c5 13.Be3 Qc7 14.Rc1 c4 15.Bc2 b5 16.h4
Nf6 17.Nh2 e5 18.dxe5 dxe5 19.h5 Bc8 20.Ra1 Be6 21.Qe2 Nc6 22.Red1 Rad8 
23.axb5 axb5 24.Ra6 Rxd1+ 25.Qxd1 Rb8 26.Bc5 Bf8 27.Bxf8 Rxf8 28.Qf3 Kg7 
29.Qe3 Nd7 30.Nf5+ Bxf5 31.exf5 Qc8 32.Ng4 Rh8 33.Ra1 gxh5 34.Nxh6 Kf6 35.
g4 hxg4 36.Rd1 Qc7 37.Nxg4+ Ke7 38.f6+ Ke8 39.Bf5 Ncb8 40.Rd5 Qc6 41.Qe4 
Qa6 42.Rd1 Kf8 43.Nxe5 Qxf6 44.Bxd7 Rh5 45.Re1 Qg5+ 46.Bg4 Rh4 47.Ng6+ 
Qxg6 48.Qe7+ 1-0

[Event "16th EUR-ch"]
[Site "Jerusalem ISR"]
[Date "2015.03.02"]
[Round "6"]
[White "Babula, Vlastimil"]
[Black "Usmanov, Vasily"]
[Result "1/2-1/2"]
[WhiteElo "2545"]
[BlackElo "2414"]
[EventDate "2015.02.24"]
[PlyCount "122"]

1.d4 Nf6 2.c4 e6 3.Nf3 Bb4+ 4.Bd2 Qe7 5.g3 Bxd2+ 6.Qxd2 Nc6 7.Nc3 d5 8.b3 
O-O 9.Bg2 dxc4 10.bxc4 Rd8 11.e3 e5 12.Nd5 Qd6 13.O-O Nxd5 14.cxd5 Qxd5 
15.Qb2 exd4 16.Nxd4 Qe5 17.Rad1 Nxd4 18.Rxd4 Rf8 19.Qd2 c6 20.f4 Qe7 21.f5
f6 22.g4 Rb8 23.Rd6 Re8 24.e4 b6 25.e5 Qxe5 26.Bxc6 Qc5+ 27.Rf2 Rf8 28.
Qd5+ Qxd5 29.Bxd5+ Kh8 30.Rc2 h5 31.h3 Bb7 32.Be6 Rfd8 33.Rcd2 Rxd6 34.
Rxd6 Kh7 35.Kf2 h4 36.Ke3 Re8 37.Kf4 Kh6 38.a4 Bg2 39.g5+ fxg5+ 40.Kg4 g6 
41.fxg6 Rf8 42.Bf7 Be4 43.g7+ Kxg7 44.Be6 Rf6 45.Kxg5 Rg6+ 46.Kf4 Bc2 47.
Rd7+ Kh6 48.Ke5 Rg5+ 49.Kf6 Rg6+ 50.Ke5 Bxa4 51.Rxa7 Bc2 52.Rb7 b5 53.Bf5 
Bxf5 54.Kxf5 Rg3 55.Kf4 Rb3 56.Kg4 Rb4+ 57.Kf5 Rb1 58.Kg4 Kg6 59.Rb6+ Kf7 
60.Kxh4 b4 61.Kh5 b3 1/2-1/2

[Event "16th EUR-ch"]
[Site "Jerusalem ISR"]
[Date "2015.03.02"]
[Round "6"]
[White "Dvirnyy, Danyyil"]
[Black "Slavin, Alexey"]
[Result "1-0"]
[WhiteElo "2533"]
[BlackElo "2391"]
[EventDate "2015.02.24"]
[PlyCount "59"]

1.d4 Nf6 2.c4 e6 3.Nc3 Bb4 4.f3 c5 5.d5 d6 6.e4 e5 7.Bd3 Nh5 8.Ne2 Qh4+ 9.
g3 Bxc3+ 10.Kf2 Be1+ 11.Qxe1 Qh3 12.Be3 O-O 13.Qd2 g6 14.g4 Bxg4 15.fxg4 
Nf6 16.Ng3 Nxg4+ 17.Kg1 f6 18.Rf1 Nd7 19.Rf3 Rf7 20.Bf1 Qh4 21.Nf5 gxf5 
22.Rh3 Nxh2 23.Kxh2 Qxe4 24.Bd3 Qg4 25.Rg1 Rg7 26.Rxg4 fxg4 27.Rh5 g3+ 28.
Kg2 Kf7 29.Bf5 Nf8 30.Bh6 1-0

[Event "16th EUR-ch"]
[Site "Jerusalem ISR"]
[Date "2015.03.02"]
[Round "6"]
[White "Erenberg, Ariel"]
[Black "Popilski, Gil"]
[Result "1-0"]
[WhiteElo "2278"]
[BlackElo "2517"]
[EventDate "2015.02.24"]
[PlyCount "269"]

1.Nf3 g6 2.c4 Bg7 3.Nc3 c5 4.d4 cxd4 5.Nxd4 Nc6 6.e3 Nf6 7.Be2 O-O 8.O-O 
d5 9.cxd5 Nxd5 10.Nxd5 Qxd5 11.Bf3 Qc5 12.Nxc6 bxc6 13.Qa4 Rb8 14.Qxc6 
Qxc6 15.Bxc6 Be6 16.Ba4 Rfc8 17.Bb3 Bxb3 18.axb3 Rc7 19.e4 Rxb3 20.Be3 
Rxe3 21.fxe3 Bxb2 22.Ra2 Be5 23.Kf2 Kg7 24.Kf3 Rb7 25.g3 h5 26.Rd1 Bd6 27.
Rd5 Bb4 28.Ra6 Rc7 29.Rd4 Bd6 30.Ra5 Rc3 31.Rdd5 Rc7 32.Ra4 f6 33.h3 Kf7 
34.Rd1 g5 35.Ra6 Rb7 36.Rda1 Bc5 37.Rc6 Rb5 38.Ra2 Bb6 39.Rcc2 Re5 40.g4 
Kg6 41.Rd2 Re6 42.Rac2 Ba5 43.Rd7 a6 44.Rc4 h4 45.Ke2 Kf7 46.Rd5 Bb6 47.
Kd3 Ba7 48.Rb4 Rc6 49.Rd7 Bb6 50.Rc4 Re6 51.Ra4 Ke8 52.Rd5 Bc7 53.Rc5 Be5 
54.Rcc4 Rd6+ 55.Kc2 Kf7 56.Ra3 Rb6 57.Rb3 Re6 58.Ra3 Kg6 59.Rd3 a5 60.Ra3 
Rb6 61.Rb3 Ra6 62.Ra3 Kf7 63.Rca4 Rc6+ 64.Kd2 Rb6 65.Rc4 Rb5 66.Rc2 Bd6 
67.Raa2 Rb1 68.Rc1 Rb3 69.Ke2 Bb4 70.Rd1 Rc3 71.Rd3 Rc1 72.Rd1 Rc6 73.Rd4 
Ke6 74.Rd1 Ke5 75.Kf3 Rc3 76.Rd5+ Ke6 77.Rd1 Bc5 78.Re1 Bb4 79.Rd1 Bd6 80.
Rxa5 Rc2 81.e5 Bxe5 82.Rh1 Bg3 83.Ra4 Rb2 84.Ra3 Kf7 85.Raa1 Kg6 86.Rab1 
Rc2 87.Rbc1 Ra2 88.Ra1 Rf2+ 89.Ke4 Be5 90.Raf1 Ra2 91.Kf3 e6 92.Rf2 Ra3 
93.Re2 f5 94.Kg2 Ra4 95.Kf3 Kf6 96.Rg1 Ra3 97.Rf1 Rb3 98.Kg2 Kg6 99.Rd1 
Rb4 100.Kf3 Bb8 101.Rc1 Kf6 102.Rf1 Rb3 103.Kg2 Kg6 104.Ra1 Bc7 105.Rd1 
Kf6 106.Rf1 Kg6 107.Rd1 Rb4 108.Kf3 Kf6 109.Rf1 Bb6 110.Rd1 Ke5 111.Red2 
fxg4+ 112.hxg4 Ra4 113.Re2 Ra8 114.Rb1 Rb8 115.Rb5+ Kd6 116.Rxg5 Rf8+ 117.
Kg2 Rf7 118.Rh5 Rg7 119.Rxh4 Ke5 120.Kh3 Ke4 121.g5+ Kf3 122.Rg2 Bxe3 123.
g6 Bf4 124.Rh7 Rg8 125.g7 Be5 126.Rg6 Kf4 127.Rg4+ Kf5 128.Kh4 Kf6 129.Rh5
Bd6 130.Rhg5 Kf7 131.Kh5 e5 132.Kh6 Be7 133.Rf5+ Ke6 134.Rf1 Bf6 135.Rg6 
1-0

[Event "16th EUR-ch"]
[Site "Jerusalem ISR"]
[Date "2015.03.02"]
[Round "6"]
[White "Sivuk, Vitaly"]
[Black "Bitensky, Igor"]
[Result "1-0"]
[WhiteElo "2517"]
[BlackElo "2384"]
[EventDate "2015.02.24"]
[PlyCount "97"]

1.d4 Nf6 2.c4 g6 3.Nc3 Bg7 4.e4 d6 5.Nf3 O-O 6.Be2 Nbd7 7.O-O e5 8.d5 Nc5 
9.Qc2 a5 10.Nd2 Ne8 11.Nb3 b6 12.Nxc5 bxc5 13.Bd2 f5 14.Bd3 f4 15.f3 h5 
16.Rae1 g5 17.Kf2 g4 18.Ke2 h4 19.Kd1 Nf6 20.Kc1 g3 21.hxg3 hxg3 22.Rh1 
Nd7 23.Rh5 Rf7 24.Qd1 Nf8 25.Bc2 Ba6 26.Qe2 Rb8 27.Ba4 Bb7 28.Bb5 Qc8 29.
Reh1 c6 30.Ba4 Ba8 31.Qe1 Rb4 32.b3 Qa6 33.R1h4 Bf6 34.Rh3 Rh7 35.dxc6 
Rxh5 36.Rxh5 Rxa4 37.Nxa4 Bxc6 38.Nc3 a4 39.Kb2 Ne6 40.Rh6 Kf7 41.Qh1 Bg7 
42.Qh5+ Ke7 43.Rh7 Kf8 44.Qg6 Qc8 45.Rxg7 Nxg7 46.Qxd6+ Kg8 47.Qxe5 Qd8 
48.Nd5 Bxd5 49.Qxd5+ 1-0

[Event "16th EUR-ch"]
[Site "Jerusalem ISR"]
[Date "2015.03.02"]
[Round "6"]
[White "Gamayev, Oleg"]
[Black "Baron, Tal"]
[Result "0-1"]
[WhiteElo "2204"]
[BlackElo "2510"]
[EventDate "2015.02.24"]
[PlyCount "72"]

1.Nf3 c5 2.c4 Nf6 3.Nc3 d5 4.cxd5 Nxd5 5.e4 Nb4 6.Bc4 Nd3+ 7.Kf1 Nc6 8.Qe2
Nxc1 9.Rxc1 a6 10.a4 g6 11.e5 e6 12.Ne4 Be7 13.Qe3 Qb6 14.Qc3 Bd7 15.h4 h6
16.Be2 Nb4 17.Nd6+ Kf8 18.Qxc5 Qxc5 19.Rxc5 Bxa4 20.Rc4 a5 21.Rf4 f5 22.
Bc4 Rd8 23.Nxb7 Rd7 24.Nd6 Bxd6 25.exd6 Rxd6 26.Ne5 Kg7 27.Rh3 Rxd2 28.Ra3
g5 29.Rff3 Rd1+ 30.Ke2 Rhd8 31.Nd3 Bc2 32.hxg5 hxg5 33.Rc3 Bxd3+ 34.Kxd1 
Bxc4+ 35.Ke1 Nd3+ 36.Kf1 Nf4+ 0-1

[Event "16th EUR-ch"]
[Site "Jerusalem ISR"]
[Date "2015.03.02"]
[Round "6"]
[White "Sadzikowski, Daniel"]
[Black "Faizrakhmanov, Ramil"]
[Result "1-0"]
[WhiteElo "2492"]
[BlackElo "2371"]
[EventDate "2015.02.24"]
[PlyCount "91"]

1.c4 e6 2.g3 Nf6 3.Bg2 d5 4.Nf3 Be7 5.d4 O-O 6.Qc2 b6 7.cxd5 exd5 8.O-O 
Bb7 9.Ne5 c5 10.dxc5 bxc5 11.Nc3 Nbd7 12.Nxd7 Qxd7 13.Bg5 h6 14.Bxf6 Bxf6 
15.Rad1 Bxc3 16.bxc3 Rfd8 17.e3 Qb5 18.Rd2 Rd7 19.Rb1 Qa6 20.c4 d4 21.Rxb7
Rxb7 22.exd4 cxd4 23.Bxb7 Qxb7 24.Rxd4 Re8 25.Rd5 g6 26.h4 Qb4 27.Kg2 Rc8 
28.Rd4 h5 29.Qd3 Qb6 30.Kg1 Qc7 31.Qe4 a5 32.Qd5 a4 33.Rf4 Rd8 34.Qb5 Rd1+
35.Kg2 Qe7 36.Qxa4 Qe1 37.Qa8+ Kg7 38.Kh2 Qg1+ 39.Kh3 Ra1 40.c5 Qc1 41.a4 
Rb1 42.Qd5 f5 43.Rd4 Kh6 44.c6 Rb2 45.Rd1 Qc3 46.Qd8 1-0

[Event "16th EUR-ch"]
[Site "Jerusalem ISR"]
[Date "2015.03.02"]
[Round "6"]
[White "Neverov, Valeriy"]
[Black "Veinberg, Nimrod"]
[Result "1/2-1/2"]
[WhiteElo "2485"]
[BlackElo "2350"]
[EventDate "2015.02.24"]
[PlyCount "101"]

1.c4 Nf6 2.Nf3 e6 3.g3 b6 4.Bg2 Bb7 5.O-O c5 6.Nc3 Be7 7.b3 O-O 8.Bb2 Ne4 
9.Nxe4 Bxe4 10.d3 Bb7 11.d4 Bf6 12.Qc2 cxd4 13.Ng5 Bxg5 14.Bxb7 Nc6 15.
Bxa8 Qxa8 16.Rad1 e5 17.Qf5 Qd8 18.Rfe1 Be7 19.e3 Bc5 20.Qe4 Qc8 21.a3 a5 
22.exd4 Nxd4 23.Bxd4 Bxd4 24.Kg2 Qc5 25.a4 d6 26.f4 f5 27.Qd5+ Kh8 28.Rd3 
h6 29.Red1 Qxd5+ 30.cxd5 Rc8 31.fxe5 dxe5 32.h4 g6 33.Rxd4 exd4 34.Rxd4 
Rd8 35.h5 g5 36.d6 Rd7 37.Rd5 Kg7 38.Rxf5 Rxd6 39.Rb5 Rf6 40.Kh3 Kh7 41.
Rd5 Kg7 42.Kg2 Kf7 43.Rd7+ Kg8 44.Re7 Kf8 45.Re4 Kf7 46.Re3 Kf8 47.g4 Kf7 
48.Kg3 Rf4 49.Rf3 Rf6 50.Rc3 Kg7 51.Re3 1/2-1/2

[Event "16th EUR-ch"]
[Site "Jerusalem ISR"]
[Date "2015.03.02"]
[Round "6"]
[White "Givon, Asaf"]
[Black "Zanan, Evgeny"]
[Result "1-0"]
[WhiteElo "2473"]
[BlackElo "2327"]
[EventDate "2015.02.24"]
[PlyCount "129"]

1.e4 e5 2.Nf3 Nc6 3.Bb5 a6 4.Ba4 Nf6 5.O-O Be7 6.Re1 b5 7.Bb3 O-O 8.c3 d5 
9.exd5 Nxd5 10.Nxe5 Nxe5 11.Rxe5 c6 12.Re1 Bd6 13.d3 Bf5 14.Qf3 Qd7 15.
Bxd5 cxd5 16.Bf4 Bxf4 17.Qxf4 Bxd3 18.Nd2 Rfe8 19.Nf3 f6 20.Nd4 Bg6 21.Qd2
Rac8 22.Rxe8+ Bxe8 23.Re1 Bf7 24.h3 g6 25.Qf4 Kg7 26.Re3 Re8 27.a3 Rxe3 
28.Qxe3 Qd6 29.Nf3 Be6 30.Kf1 Bf5 31.Nd4 Bd7 32.Nb3 Bf5 33.Nd4 Bd7 34.h4 
Qe5 35.Ke2 Kf7 36.g3 Be8 37.Kd2 Bd7 38.Nb3 Bg4 39.Nc5 a5 40.Nd3 Qc7 41.Qh6
Kg8 42.Qf4 Qc4 43.Qxf6 b4 44.axb4 Qb3 45.Qd8+ Kg7 46.Qc7+ Kg8 47.Qb8+ Kg7 
48.Qe5+ Kg8 49.Qe8+ Kg7 50.Qe5+ Kg8 51.bxa5 Bf5 52.Qe8+ Kg7 53.Qe7+ Kg8 
54.Qb4 Qa2 55.Qb5 Kg7 56.a6 Kh6 57.Qb6 d4 58.Qxd4 Qxa6 59.g4 Bxd3 60.Qxd3 
Qa2 61.Qe3+ Kg7 62.Qe5+ Kf8 63.Qb8+ Ke7 64.Qb4+ Ke6 65.c4 1-0

[Event "16th EUR-ch"]
[Site "Jerusalem ISR"]
[Date "2015.03.02"]
[Round "6"]
[White "Kraus, Ohad"]
[Black "Chekhov, Sergei"]
[Result "1-0"]
[WhiteElo "2190"]
[BlackElo "2470"]
[EventDate "2015.02.24"]
[PlyCount "197"]

1.d4 Nf6 2.c4 g6 3.Nc3 Bg7 4.e4 d6 5.Nf3 O-O 6.Be2 Qe8 7.O-O e5 8.dxe5 
dxe5 9.b4 Qe7 10.b5 a6 11.a4 Rd8 12.Qc2 axb5 13.cxb5 Bg4 14.Ba3 Qe8 15.
Rad1 Rxd1 16.Rxd1 Nbd7 17.h3 Bxf3 18.Bxf3 Nb6 19.Bc5 Bf8 20.Be3 Qe6 21.g4 
Ne8 22.Nd5 Nxd5 23.Rxd5 h5 24.Rd1 Nf6 25.g5 Ne8 26.Kg2 Nd6 27.Be2 Be7 28.
Rd5 Nf5 29.Bc4 Nxe3+ 30.fxe3 Bd6 31.Bb3 Qe7 32.h4 Kg7 33.Rd1 b6 34.Rf1 Rf8
35.Rf6 Qd7 36.Qf2 Qg4+ 37.Kf1 Qh3+ 38.Ke2 Qd7 39.Bd5 Bc5 40.Rf3 Qe8 41.Bc6
Qc8 42.Bd5 Qe8 43.Bc6 Qd8 44.Qg3 Bd6 45.Rf6 Bb4 46.Qxe5 Qd2+ 47.Kf1 Qd1+ 
48.Kf2 Kh7 49.Qxc7 Qd2+ 50.Kf3 Qd1+ 51.Kg2 Qe2+ 52.Rf2 Qg4+ 53.Kf1 Qd1+ 
54.Kg2 Qg4+ 55.Kf1 Qh3+ 56.Ke2 Qg4+ 57.Rf3 Qg2+ 58.Rf2 Qg4+ 59.Kd3 Qd1+ 
60.Kc4 Qc1+ 61.Kd3 Qd1+ 62.Kc4 Qc1+ 63.Kd3 Kg8 64.Ke2 Be1 65.Rf3 Bxh4 66.
Rf1 Qb2+ 67.Kf3 f6 68.Bd5+ Kh8 69.Qe7 Rc8 70.Qxf6+ Qxf6+ 71.gxf6 Bxf6 72.
Ke2 Kg7 73.Bc6 Be5 74.Rd1 Rf8 75.Rd5 Kf6 76.Rd7 Rh8 77.Bd5 Rf8 78.Rb7 h4 
79.Rxb6+ Kg5 80.Re6 Bg3 81.e5 h3 82.Rf6 Re8 83.Be4 Bxe5 84.Rxg6+ Kh4 85.
Rh6+ Kg3 86.Bc6 Rd8 87.a5 Bc3 88.Rg6+ Kh4 89.a6 h2 90.Bg2 Kh5 91.Rg3 Kh4 
92.Rg6 Kh5 93.Rc6 Rg8 94.Bf3+ Kh4 95.Rxc3 Rf8 96.Rc1 Kg3 97.Bc6 Rf2+ 98.
Kd3 Ra2 99.Rh1 1-0

[Event "16th EUR-ch"]
[Site "Jerusalem ISR"]
[Date "2015.03.02"]
[Round "6"]
[White "Battaglini, Gabriel"]
[Black "Aharon, Ofir"]
[Result "1/2-1/2"]
[WhiteElo "2460"]
[BlackElo "2311"]
[EventDate "2015.02.24"]
[PlyCount "78"]

1.d4 Nf6 2.c4 g6 3.Nc3 d5 4.Nf3 Bg7 5.Qa4+ Bd7 6.Qb3 dxc4 7.Qxc4 O-O 8.Bf4
c6 9.e4 b5 10.Qd3 Qa5 11.Be2 b4 12.Nd1 c5 13.O-O cxd4 14.Nxd4 Nc6 15.Nb3 
Qb6 16.Ne3 Be6 17.Nc4 Qb5 18.Qc2 Qa4 19.Qb1 Nd7 20.Rd1 Rac8 21.Ne3 Nb6 22.
Nc5 Qa5 23.Nxe6 fxe6 24.Bg3 Nd4 25.Bf1 Rc6 26.e5 Nf5 27.Qe4 Rfc8 28.Rd8+ 
Rxd8 29.Qxc6 Nxg3 30.Qxe6+ Kf8 31.Nc4 Qd5 32.Qxd5 Rxd5 33.hxg3 Nxc4 34.
Bxc4 Rd4 35.b3 Bxe5 36.Re1 Bf6 37.Re2 Rd1+ 38.Kh2 Bc3 39.f4 Rd2 1/2-1/2

[Event "16th EUR-ch"]
[Site "Jerusalem ISR"]
[Date "2015.03.02"]
[Round "6"]
[White "Kanmazalp, Ogulcan"]
[Black "Ben-Natan, Yigal"]
[Result "1-0"]
[WhiteElo "2457"]
[BlackElo "2138"]
[EventDate "2015.02.24"]
[PlyCount "67"]

1.e4 c5 2.Nf3 Nc6 3.Nc3 e6 4.d4 cxd4 5.Nxd4 Qc7 6.Be2 a6 7.O-O Nf6 8.Be3 
Bb4 9.Na4 Rb8 10.c4 Be7 11.Nc3 O-O 12.Rc1 d6 13.a3 Ne5 14.f4 Ned7 15.Bf3 
g6 16.Nde2 b6 17.g4 Ne8 18.Bg2 Ng7 19.Ng3 Qd8 20.Qd2 Bb7 21.g5 f6 22.h4 
Rc8 23.b3 Bc6 24.Nce2 Bb7 25.Rf2 b5 26.gxf6 Nxf6 27.e5 Bxg2 28.exf6 Bxf6 
29.Rxg2 bxc4 30.bxc4 Bxh4 31.Bd4 Rb8 32.Bxg7 Kxg7 33.Nd4 Qf6 34.Nh5+ 1-0

[Event "16th EUR-ch"]
[Site "Jerusalem ISR"]
[Date "2015.03.02"]
[Round "6"]
[White "Kali, Omer"]
[Black "Zoler, Dan"]
[Result "0-1"]
[WhiteElo "2089"]
[BlackElo "2527"]
[EventDate "2015.02.24"]
[PlyCount "68"]

1.e4 c5 2.Nf3 d6 3.d4 cxd4 4.Nxd4 Nf6 5.Nc3 g6 6.Be3 Bg7 7.Be2 O-O 8.Qd2 
Nc6 9.O-O-O Nxd4 10.Bxd4 Be6 11.Kb1 b5 12.h4 b4 13.Bxf6 Bxf6 14.Nd5 Bxd5 
15.exd5 Qb6 16.Bg4 a5 17.h5 g5 18.h6 a4 19.Rh3 Qc5 20.Qe3 Qc7 21.Rd3 b3 
22.cxb3 axb3 23.Rxb3 Ra4 24.Rg3 Qa5 25.Bd7 Rxa2 26.Rxg5+ Kh8 27.Rf5 Ra1+ 
28.Kc2 Re1 29.Qf4 Qc5+ 30.Rc3 Bxc3 31.bxc3 Qa3 32.Rxf7 Qa2+ 33.Kd3 Qe2+ 
34.Kd4 Rd1+ 0-1

[Event "16th EUR-ch"]
[Site "Jerusalem ISR"]
[Date "2015.03.02"]
[Round "6"]
[White "Georgiev, Kiril"]
[Black "Zalkind, Konstantin"]
[Result "1-0"]
[WhiteElo "2623"]
[BlackElo "2222"]
[EventDate "2015.02.24"]
[PlyCount "73"]

1.Nf3 Nf6 2.c4 c6 3.Nc3 d5 4.e3 g6 5.d4 Bg7 6.Qb3 e6 7.Be2 O-O 8.O-O Nbd7 
9.Rd1 Qe7 10.Bd2 b6 11.cxd5 exd5 12.Rac1 Bb7 13.Bf1 Rfe8 14.Be1 Nf8 15.a4 
c5 16.a5 c4 17.Qa2 Rec8 18.b3 cxb3 19.Qxb3 bxa5 20.Qb5 Ne6 21.Qxa5 Bf8 22.
Ne5 Qd8 23.Qb5 Rab8 24.Ra1 a6 25.Qa4 Qd6 26.Rdb1 Nc5 27.Qa5 Ba8 28.Nxf7 
Kxf7 29.dxc5 Qxc5 30.Qxa6 Rxb1 31.Rxb1 Bd6 32.Nb5 Be5 33.Bc3 Rc6 34.Qxa8 
Bxc3 35.Qb7+ Kg8 36.Nxc3 Qxc3 37.Qe7 1-0

[Event "16th EUR-ch"]
[Site "Jerusalem ISR"]
[Date "2015.03.02"]
[Round "6"]
[White "Huzman, Alexander"]
[Black "Marusenko, Petr"]
[Result "1-0"]
[WhiteElo "2582"]
[BlackElo "2205"]
[EventDate "2015.02.24"]
[PlyCount "125"]

1.d4 f5 2.Nf3 Nf6 3.g3 g6 4.Bg2 Bg7 5.O-O O-O 6.c4 d6 7.Nc3 Qe8 8.d5 a5 9.
Be3 Na6 10.Qd2 Bd7 11.Bh6 Nc5 12.Bxg7 Kxg7 13.Nd4 c6 14.b3 e5 15.dxe6 Bxe6
16.Rfd1 Bf7 17.Rac1 Qe7 18.Qg5 Qe5 19.Nf3 Qe7 20.Qd2 Rfd8 21.Qb2 a4 22.Nd4
Re8 23.e3 Kg8 24.Nde2 Qe5 25.Rc2 axb3 26.axb3 Nfe4 27.Nxe4 fxe4 28.Qxe5 
Rxe5 29.Nc3 Kg7 30.b4 Bxc4 31.bxc5 Bb3 32.Rcd2 Bxd1 33.Rxd1 d5 34.Ne2 Ra5 
35.Rc1 Re8 36.Bf1 Rea8 37.Rb1 Rb5 38.Rc1 Rb2 39.h4 Kf6 40.g4 Ra6 41.g5+ 
Ke7 42.Nc3 Ra5 43.Ne2 Rbb5 44.Nd4 Rxc5 45.Rb1 Ra7 46.Bh3 b5 47.h5 gxh5 48.
Kg2 h4 49.Bf5 Kd6 50.Kh3 Rb7 51.Kxh4 b4 52.Kg4 Rc3 53.Rh1 Rf7 54.Bxh7 Rxf2
55.g6 Ke5 56.Kg3 Rf8 57.Rh5+ Kd6 58.g7 Rxe3+ 59.Kg2 Ra8 60.Nf5+ Ke5 61.
Nxe3+ Kd4 62.Nc2+ Kc3 63.Nxb4 1-0

[Event "16th EUR-ch"]
[Site "Jerusalem ISR"]
[Date "2015.03.02"]
[Round "6"]
[White "Can, Emre"]
[Black "Chuvnik, Mordechai"]
[Result "1-0"]
[WhiteElo "2555"]
[BlackElo "2189"]
[EventDate "2015.02.24"]
[PlyCount "51"]

1.e4 e5 2.Nf3 Nc6 3.Bc4 Bc5 4.O-O Nf6 5.d4 Bxd4 6.Nxd4 Nxd4 7.f4 d6 8.fxe5
dxe5 9.Bg5 Bd7 10.Na3 Qe7 11.c3 Ne6 12.Bxf6 gxf6 13.Qf3 Nf4 14.Kh1 f5 15.
exf5 O-O-O 16.Ba6 c6 17.Qe3 Qg5 18.Rf2 bxa6 19.Qxa7 Bxf5 20.Nc4 Nd5 21.Na5
Rd7 22.Qa8+ Kc7 23.Qxh8 Be4 24.Qa8 Nf4 25.Qb7+ Kd8 26.Qb8+ 1-0